000
00251nam a2200109Ia 4500
008
220216s9999 xx 000 0 und d
245
0
_a
Rubber-growing: The modern way
260
_b
Planter
_c
1985
300
_a
374-382
650
_a
Rubber
942
_c
JS
999
_c
68211
_d
68211